书目信息 |
| 题名: |
当代中国体育伦理建构研究
|
|
| 作者: | 龚正伟 著 | |
| 分册: | ||
| 出版信息: | 北京 北京体育大学出版社 2009.01 |
|
| 页数: | 155页 | |
| 开本: | 23cm | |
| 丛书名: | ||
| 单 册: | ||
| 中图分类: | G803 | |
| 科图分类: | ||
| 主题词: | 体育伦理学--ti yu lun li xue--研究--中国 | |
| 电子资源: | ||
| ISBN: | 978-7-5644-0082-8 | |
| 000 | 01086nam0 2200265 450 | |
| 001 | 012009068391 | |
| 005 | 20090924165131.17 | |
| 010 | @a978-7-5644-0082-8@dCNY33.00 | |
| 100 | @a20090924d2009 em y0chiy0120 ea | |
| 101 | 0 | @achi |
| 102 | @aCN@b110000 | |
| 105 | @ak a 000yy | |
| 106 | @ar | |
| 200 | 1 | @a当代中国体育伦理建构研究@Adang dai zhong guo ti yu lun li jian gou yan jiu@e我们需要什么样的体育@f龚正伟著@Fgong zheng wei zhu |
| 210 | @a北京@c北京体育大学出版社@d2009.01 | |
| 215 | @a155页@d23cm | |
| 300 | @a国家社会科学基金项目“转型时期中国体育伦理与法律规范协同构建研究”成果湖南师范大学出版基金资助出版(项目批准号03B7Y012) | |
| 320 | @a有书目 (第146-155页) | |
| 330 | @a本书内容包括:体育伦理概念的基本规定、当代中国体育伦理面临的挑战、当代中国体育伦理建构的视野、当代中国体育伦理基本原则的构建等。 | |
| 517 | 1 | @a我们需要什么样的体育@Awo men xu yao shi mo yang de ti yu |
| 606 | 0 | @a体育伦理学@Ati yu lun li xue@x研究@y中国 |
| 690 | @aG803@v4 | |
| 701 | 0 | @a龚正伟@Agong zheng wei@4著 |
| 801 | 0 | @aCN@bQSSK@c20090924 |
| 905 | @b758955-56@dG803@eG397@f2 | |
| 当代中国体育伦理建构研究:我们需要什么样的体育/龚正伟著.-北京:北京体育大学出版社,2009.01 |
| 155页;23cm |
| 国家社会科学基金项目“转型时期中国体育伦理与法律规范协同构建研究”成果湖南师范大学出版基金资助出版(项目批准号03B7Y012) |
| ISBN 978-7-5644-0082-8:CNY33.00 |
| 本书内容包括:体育伦理概念的基本规定、当代中国体育伦理面临的挑战、当代中国体育伦理建构的视野、当代中国体育伦理基本原则的构建等。 |
| ● |
| 相关链接 |
|
|
|
正题名:当代中国体育伦理建构研究
索取号:G803/G397
 
预约/预借
| 序号 | 登录号 | 条形码 | 馆藏地/架位号 | 状态 | 备注 |
| 1 | 758955 | 207589554 | 社科库409/409社科库 19排3列4层/ [索取号:G803/G397] | 在馆 | |
| 2 | 758956 | 207589563 | 社科库409/409社科库 19排3列4层/ [索取号:G803/G397] | 在馆 |